| 000 | 00789nam a2200241Ia 4500 | ||
|---|---|---|---|
| 003 | OSt | ||
| 005 | 20241001122610.0 | ||
| 008 | 210716s2011 xx 000 0 und d | ||
| 020 | _a9788184049459 | ||
| 040 | _cAIMIT LIBRARY | ||
| 041 | _aeng | ||
| 082 |
_a005.1332 _24 _bALBJ |
||
| 100 |
_aAlbahari, Joseph. _9181039 |
||
| 245 |
_aC# 4.0: _bin a nutshell / _cBy Joseph Albahari and Ben Albahari. |
||
| 250 | _a4th ed. | ||
| 260 |
_aNew Delhi : _bShroff Publishers and Distributors Pvt Ltd ; _c2011. |
||
| 300 |
_axviii,1025,21p. ; _bPB _c23 cm. |
||
| 650 |
_aFramework fundamentals _9181040 |
||
| 650 |
_aDiagnostics and code contracts _9181041 |
||
| 650 |
_aNative and COM interoperability _9181042 |
||
| 700 |
_aAlbahari, Ben. _9181043 |
||
| 942 |
_2ddc _cBK _e4th ed. _k005.1332 ALBJ |
||
| 999 |
_c192485 _d192485 |
||